01833nam a2200277 4500001000400000003000400004005001700008008004100025040000800066041001300074082001500087100002600102240002400128245009300152260004200245300001100287520109700298650002501395650001101420650001001431650002601441655001201467655001601479700003101495700002901526104OSt20250528074012.0250127b |||||||e |||| 00| 1 eng d bpor hengapor a813bC255g1 aCaputo, Philipd1941- aDelcorso´s gallery aA galeria Delcorso /cCaputo, Philip ; Tradução de Reinaldo Guarany e Luisa Ibañez aSão PaulobCírculo do Livroc1987 a374 p. aUm romance clássico sobre o Vietnã e suas consequências de Philip Caputo, cujo livro de memórias vencedor do Prêmio Pulitzer, A Rumor of War, é amplamente considerado um dos melhores já escritos sobre a experiência da guerra. Aos trinta e três anos, Nick DelCorso é um premiado fotógrafo de guerra que viu ação e desviou de balas em todo o mundo - mais notavelmente no Vietnã, onde serviu como fotógrafo do Exército e registrou cenas de combate cujos horrores ainda não desapareceram de sua memória. Quando ele é chamado de volta ao Vietnã em missão durante uma tentativa norte-vietnamita de tomar Saigon, ele se depara com uma definição: ele deve honrar o compromisso que fez com sua esposa de não se colocar em mais perigo pelo bem de sua carreira, ou seguir sua ambição de volta para a terra devastada pela guerra que ainda assombra seus sonhos? O que se segue é uma história fascinante de guerra em duas frentes, Saigon e Beirute, que testará a fé de DelCorso não apenas em si mesmo, mas nos instintos mais nobres dos homens. 0aLiteratura Americana 0aGuerra 0aDrama 0aExperiência de vida 0aRomance 0aFicção  aReinaldo GuaranyeTradutor aLuisa IbañezeTradutor